[Event "London Classic op 6th"]
[Site "London"]
[Date "2014.12.13"]
[Round "7"]
[White "Prior, Stephen"]
[Black "Corsino, Gianluca"]
[Result "0-1"]
[WhiteElo "2014"]
[BlackElo "2140"]
[PlyCount "88"]
[EventDate "2014.12.08"]
[EventType "swiss"]
[EventRounds "9"]
[EventCountry "ENG"]
[SourceTitle "CBM 163 Extra"]
[Source "ChessBase"]
[SourceDate "2014.12.23"]
[SourceVersion "1"]
[SourceVersionDate "2014.12.23"]
[SourceQuality "1"]

1. e4 c5 2. Nf3 d6 3. d4 cxd4 4. Nxd4 Nf6 5. Nc3 g6 6. Be3 Bg7 7. f3 0-0 8. Qd2 Nc6 9. 0-0-0 Nxd4 10. Bxd4 Be6 11. Kb1 Qc7 12. g4 Rfc8 13. h4 Qa5 14. h5 Rxc3 15. Qxc3 Qxa2+ 16. Kc1 Rc8 17. Qe3 Bb3 18. Bd3 Qa4 19. hxg6 hxg6 20. Kd2 Nxg4 21. fxg4 Bxd4 22. Qh6 Bxc2 23. Rc1 Qb4+ 24. Ke2 Qxb2 25. Qd2 Bxd3+ 26. Kxd3 Qxd2+ 27. Kxd2 Rxc1 28. Rxc1 Bc5 29. e5 b6 30. exd6 Bxd6 31. Kd3 f5 32. gxf5 gxf5 33. Rf1 f4 34. Ke4 Kf7 35. Ra1 Bb8 36. Rh1 Ke6 37. Rh8 Bd6 38. Ra8 a5 39. Ra6 Bc7 40. Ra8 Kd7 41. Kd5 b5 42. Ra6 f3 43. Rh6 f2 44. Rh1 Bb6 0-1

[Event "Terre degli Elimi op 5th"]
[Site "Erice"]
[Date "2014.07.23"]
[Round "7"]
[White "Marzaduri, Riccardo"]
[Black "Corsino, Gianluca"]
[Result "1/2-1/2"]
[WhiteElo "1944"]
[BlackElo "2110"]
[PlyCount "35"]
[EventDate "2014.07.19"]
[EventType "swiss"]
[EventRounds "9"]
[EventCountry "ITA"]
[SourceTitle "CBM 161 Extra"]
[Source "ChessBase"]
[SourceDate "2014.08.29"]
[SourceVersion "1"]
[SourceVersionDate "2014.08.29"]
[SourceQuality "1"]

1. e4 c5 2. Nf3 d6 3. d4 cxd4 4. Nxd4 Nf6 5. Nc3 g6 6. Be2 Bg7 7. Bg5 0-0 8. Qd2 Nc6 9. Nb3 a5 10. a4 Be6 11. 0-0 Rc8 12. Kh1 Nb4 13. Nd4 Bc4 14. Rfd1 Nd7 15. Bxc4 Rxc4 16. Ndb5 Nb6 17. Qe2 Rc6 18. Na7 1/2-1/2

[Event "Terre degli Elimi op 5th"]
[Site "Erice"]
[Date "2014.07.20"]
[Round "2"]
[White "Corsino, Gianluca"]
[Black "De Wit, Tex"]
[Result "0-1"]
[WhiteElo "2110"]
[BlackElo "2330"]
[PlyCount "136"]
[EventDate "2014.07.19"]
[EventType "swiss"]
[EventRounds "9"]
[EventCountry "ITA"]
[SourceTitle "CBM 161 Extra"]
[Source "ChessBase"]
[SourceDate "2014.08.29"]
[SourceVersion "1"]
[SourceVersionDate "2014.08.29"]
[SourceQuality "1"]

1. d4 d6 2. e4 g6 3. Nc3 Bg7 4. f4 Nf6 5. Nf3 0-0 6. e5 dxe5 7. fxe5 Nd5 8. Bc4 Nb6 9. Bb3 Nc6 10. Ne4 Na5 11. c3 Nxb3 12. axb3 f6 13. exf6 exf6 14. 0-0 Re8 15. Re1 Nd5 16. Bd2 Bf5 17. Ng3 Bg4 18. Rxe8+ Qxe8 19. h3 Bd7 20. Qf1 Qf7 21. c4 Ne7 22. Bf4 c6 23. Ne4 g5 24. Nd6 Qg6 25. Bh2 b6 26. Re1 Nf5 27. Qd3 Bf8 28. Nxf5 Qxf5 29. Qxf5 Bxf5 30. Ra1 Bc2 31. Bc7 b5 32. Ra6 Bxb3 33. Rxc6 Bxc4 34. Rxf6 h6 35. Ne5 Rc8 36. Nxc4 Rxc7 37. Ne3 Rc1+ 38. Kh2 Rb1 39. Ra6 Rxb2 40. Nf5 b4 41. Rxa7 b3 42. Rb7 Rf2 43. Nxh6+ Bxh6 44. Rxb3 Rd2 45. Rb4 Bf8 46. Rb5 Bd6+ 47. Kg1 Bf4 48. d5 Bg3 49. Kf1 Rf2+ 50. Kg1 Re2 51. Rb1 Kf7 52. Rf1+ Ke7 53. Rf3 Re1+ 54. Rf1 Re3 55. Rf3 Rxf3 56. gxf3 Bh4 57. Kg2 Kd6 58. f4 gxf4 59. Kf3 Ke5 60. d6 Kf5 61. d7 Bd8 62. Kf2 Ke4 63. Kg2 Bh4 64. Kf1 Kf3 65. Kg1 Ke2 66. Kg2 f3+ 67. Kh1 f2 68. Kh2 f1Q 0-1

[Event "Terre degli Elimi op 4th"]
[Site "Erice"]
[Date "2013.07.27"]
[Round "6"]
[White "Corsino, Gianluca"]
[Black "Kampman, Tijmen"]
[Result "1/2-1/2"]
[WhiteElo "2094"]
[BlackElo "2094"]
[PlyCount "125"]
[EventDate "2013.07.24"]
[EventType "swiss"]
[EventRounds "7"]
[EventCountry "ITA"]
[SourceTitle "EXT 2015"]
[Source "ChessBase"]
[SourceDate "2014.11.20"]
[SourceVersion "1"]
[SourceVersionDate "2014.11.20"]
[SourceQuality "1"]

1. d4 g6 2. c4 Bg7 3. Nc3 c5 4. d5 Bxc3+ 5. bxc3 f5 6. h4 Nf6 7. e3 d6 8. Be2 Nbd7 9. Nh3 Qa5 10. Bd2 Ne5 11. h5 Bd7 12. Ng5 Rg8 13. Nf3 0-0-0 14. hxg6 hxg6 15. Nxe5 dxe5 16. f3 e4 17. Kf2 e6 18. Qc1 Qc7 19. Qa3 Kb8 20. Rad1 Rh8 21. Rdg1 g5 22. Qc1 Qd6 23. Rxh8 Rxh8 24. Rh1 Qf8 25. Qe1 exd5 26. cxd5 Nxd5 27. c4 Nb6 28. Rxh8 Qxh8 29. Kg1 exf3 30. Bxf3 Nxc4 31. Bc3 Qe8 32. Qg3+ Kc8 33. e4 g4 34. Be2 Qxe4 35. Bxc4 Qxc4 36. Qe5 b6 37. Qh8+ Kb7 38. Be5 Qa4 39. Qg7 Ka6 40. Bb8 Qd4+ 41. Qxd4 cxd4 42. g3 d3 43. Kf2 Bc6 44. Ke3 Be4 45. Kd2 Kb7 46. Bf4 Kc6 47. Kc3 Kd5 48. Be3 Kc6 49. Kb4 a5+ 50. Kc3 Kb5 51. a3 Kc6 52. Bf4 b5 53. Bg5 Kd5 54. Be3 f4 55. Bxf4 Bg6 56. Bc7 Ke4 57. Bxa5 Ke3 58. Bc7 Be4 59. Bd6 Ke2 60. Bf4 Bd5 61. Bg5 Be4 62. Bf4 Kf3 63. Kd2 1/2-1/2

[Event "Terre degli Elimi op 4th"]
[Site "Erice"]
[Date "2013.07.25"]
[Round "3"]
[White "Rigattieri, Uber"]
[Black "Corsino, Gianluca"]
[Result "0-1"]
[WhiteElo "1873"]
[BlackElo "2094"]
[PlyCount "76"]
[EventDate "2013.07.24"]
[EventType "swiss"]
[EventRounds "7"]
[EventCountry "ITA"]
[SourceTitle "EXT 2015"]
[Source "ChessBase"]
[SourceDate "2014.11.20"]
[SourceVersion "1"]
[SourceVersionDate "2014.11.20"]
[SourceQuality "1"]

1. e4 c5 2. Nc3 e6 3. g3 d5 4. d3 dxe4 5. Nxe4 Bd7 6. Bg2 Bc6 7. f3 Nf6 8. Be3 Nd5 9. Bf2 Nd7 10. Ne2 e5 11. 0-0 Be7 12. N4c3 f5 13. Nxd5 Bxd5 14. Nc3 Bc6 15. f4 Bxg2 16. Kxg2 0-0 17. Nd5 Nf6 18. Nxe7+ Qxe7 19. fxe5 Qxe5 20. Re1 Qd6 21. Qf3 Ng4 22. Re2 Ne5 23. Qxb7 Rab8 24. Qxa7 Qd5+ 25. Kh3 g5 26. Rae1 Ng6 27. Re4 g4+ 28. Kg2 fxe4 29. dxe4 Qf7 30. Qxf7+ Rxf7 31. b3 Ra8 32. a4 c4 33. e5 cxb3 34. cxb3 Rf3 35. Re4 Rxb3 36. Rxg4 Ra3 37. e6 R3xa4 38. Rg5 R8a5 0-1

[Event "Gibraltar Challengers-A 11th"]
[Site "Caleta"]
[Date "2013.01.25"]
[Round "5"]
[White "Urbina Perez, Juan Antonio"]
[Black "Corsino, Gianluca"]
[Result "1-0"]
[WhiteElo "2218"]
[BlackElo "2059"]
[PlyCount "73"]
[EventDate "2013.01.21"]
[EventType "swiss"]
[EventRounds "5"]
[EventCountry "GGB"]
[SourceTitle "EXT 2014"]
[Source "ChessBase"]
[SourceDate "2013.11.20"]
[SourceVersion "1"]
[SourceVersionDate "2013.11.20"]
[SourceQuality "1"]

1. e4 c5 2. Nf3 d6 3. d4 cxd4 4. Nxd4 Nf6 5. Nc3 g6 6. Be3 Bg7 7. f3 0-0 8. Qd2 Nc6 9. g4 Be6 10. Nxe6 fxe6 11. 0-0-0 Ne5 12. Be2 Qc8 13. Bh6 Bxh6 14. Qxh6 Qc5 15. h4 Kh8 16. Qd2 Rac8 17. Kb1 b5 18. Nxb5 Nxf3 19. Bxf3 Qxb5 20. g5 Nd7 21. Be2 Qe5 22. h5 Kg7 23. Rh4 Nc5 24. hxg6 hxg6 25. Rdh1 Rb8 26. Rh7+ Kg8 27. b3 Nxe4 28. Qe1 Nc3+ 29. Kc1 Nxe2+ 30. Kd2 Qc3+ 31. Kd1 Qd4+ 32. Kxe2 Qe4+ 33. Kd1 Qd4+ 34. Qd2 Qxd2+ 35. Kxd2 Rb7 36. Rh8+ Kf7 37. Rf1+ 1-0

[Event "Vienna Husek op-A"]
[Site "Vienna"]
[Date "2012.08.18"]
[Round "6"]
[White "Corsino, Gianluca"]
[Black "Somasundram, Jayakumar"]
[Result "1/2-1/2"]
[WhiteElo "2059"]
[BlackElo "1933"]
[PlyCount "63"]
[EventDate "2012.08.13"]
[EventType "swiss"]
[EventRounds "7"]
[EventCountry "AUT"]
[SourceTitle "EXT 2014"]
[Source "ChessBase"]
[SourceDate "2013.11.20"]
[SourceVersion "1"]
[SourceVersionDate "2013.11.20"]
[SourceQuality "1"]

1. d4 Nf6 2. Bg5 c5 3. Nc3 cxd4 4. Qxd4 Nc6 5. Qh4 e6 6. e4 Bb4 7. Nge2 Ne5 8. 0-0-0 Ng6 9. Qg3 Qa5 10. a3 Be7 11. f4 d6 12. Bxf6 gxf6 13. h4 h5 14. Nd4 a6 15. f5 Qe5 16. Qf3 Nf8 17. Bc4 Bd7 18. Nde2 Rg8 19. Nd5 Rc8 20. Nb6 Rc7 21. Nxd7 Nxd7 22. Ba2 Rg4 23. Nd4 Nc5 24. Rhe1 Rxh4 25. g3 Rg4 26. Qh1 Rxg3 27. Qxh5 Rg2 28. Kb1 Bf8 29. Qf3 Rg3 30. Qh5 Rg2 31. Qf3 Rg3 32. Qh5 1/2-1/2

[Event "Vienna Husek op-A"]
[Site "Vienna"]
[Date "2012.08.16"]
[Round "4"]
[White "Corsino, Gianluca"]
[Black "Saric, Zrinka"]
[Result "0-1"]
[WhiteElo "2059"]
[BlackElo "2165"]
[PlyCount "38"]
[EventDate "2012.08.13"]
[EventType "swiss"]
[EventRounds "7"]
[EventCountry "AUT"]
[SourceTitle "EXT 2014"]
[Source "ChessBase"]
[SourceDate "2013.11.20"]
[SourceVersion "1"]
[SourceVersionDate "2013.11.20"]
[SourceQuality "1"]

1. d4 Nf6 2. Bg5 d5 3. e3 c5 4. Bxf6 gxf6 5. Nc3 e6 6. dxc5 Bxc5 7. Qh5 Bd7 8. 0-0-0 Qe7 9. Nge2 Nc6 10. e4 d4 11. Nb5 0-0-0 12. Nexd4 Nxd4 13. Nxd4 Ba4 14. Nb3 Rxd1+ 15. Qxd1 Bxf2 16. Qe2 Bb6 17. Qc4+ Bc6 18. Nd4 Qd6 19. Nxc6 Be3+ 0-1

[Event "ITA-ch U20"]
[Site "Bratto"]
[Date "2005.08.28"]
[Round "9"]
[White "Corsino, Gianluca"]
[Black "De Nardi, Riccardo"]
[Result "1/2-1/2"]
[WhiteElo "2053"]
[BlackElo "1717"]
[PlyCount "36"]
[EventDate "2005.08.20"]
[EventType "swiss"]
[EventRounds "9"]
[EventCountry "ITA"]
[SourceTitle "EXT 2006"]
[Source "ChessBase"]
[SourceDate "2005.11.24"]
[SourceVersion "1"]
[SourceVersionDate "2005.11.24"]
[SourceQuality "1"]

1. d4 Nf6 2. Bg5 e6 3. e4 Be7 4. Nd2 0-0 5. Ngf3 d6 6. Bd3 Nc6 7. c3 e5 8. h3 Nd7 9. Bxe7 Nxe7 10. Qc2 Ng6 11. dxe5 Ndxe5 12. Nxe5 Nxe5 13. Be2 Be6 14. 0-0 Qe7 15. Nf3 Nxf3+ 16. Bxf3 Rfe8 17. Rfe1 Rab8 18. c4 Bd7 1/2-1/2

[Event "ITA-ch U20"]
[Site "Bratto"]
[Date "2005.08.26"]
[Round "7"]
[White "Corsino, Gianluca"]
[Black "Pulito, Alberto"]
[Result "0-1"]
[WhiteElo "2053"]
[BlackElo "2212"]
[PlyCount "88"]
[EventDate "2005.08.20"]
[EventType "swiss"]
[EventRounds "9"]
[EventCountry "ITA"]
[SourceTitle "EXT 2006"]
[Source "ChessBase"]
[SourceDate "2005.11.24"]
[SourceVersion "1"]
[SourceVersionDate "2005.11.24"]
[SourceQuality "1"]

1. d4 d5 2. c4 e6 3. Nc3 Nf6 4. Bg5 c6 5. e3 Nbd7 6. cxd5 exd5 7. Nf3 Be7 8. Bd3 0-0 9. 0-0 Re8 10. Qc2 Nf8 11. Rfe1 h6 12. Bh4 Ne4 13. Bxe7 Qxe7 14. Nd2 f5 15. f3 Nxd2 16. Qxd2 Qg5 17. Qf2 Ne6 18. Qg3 Qf6 19. Rad1 Bd7 20. Bb1 f4 21. Qg6 fxe3 22. Qxf6 gxf6 23. Rxe3 Ng7 24. Rde1 Rxe3 25. Rxe3 Kf7 26. Kf2 Bf5 27. Bxf5 Nxf5 28. Rd3 Re8 29. g4 Nd6 30. b3 h5 31. Re3 Rg8 32. h3 hxg4 33. fxg4 b5 34. a3 a5 35. Kf3 b4 36. axb4 axb4 37. Na2 Rb8 38. Ke2 Ne4 39. Kf3 c5 40. dxc5 Nxc5 41. Kf2 d4 42. Re2 Nxb3 43. Rb2 Nc5 44. Nxb4 Rxb4 0-1

[Event "ITA-ch U20"]
[Site "Bratto"]
[Date "2005.08.24"]
[Round "5"]
[White "Corsino, Gianluca"]
[Black "Parodi, Alessandro"]
[Result "1-0"]
[WhiteElo "2053"]
[BlackElo "1923"]
[PlyCount "111"]
[EventDate "2005.08.20"]
[EventType "swiss"]
[EventRounds "9"]
[EventCountry "ITA"]
[SourceTitle "EXT 2006"]
[Source "ChessBase"]
[SourceDate "2005.11.24"]
[SourceVersion "1"]
[SourceVersionDate "2005.11.24"]
[SourceQuality "1"]

1. d4 Nf6 2. Bg5 d6 3. Bxf6 exf6 4. e4 g6 5. Bd3 Bg7 6. Ne2 Nc6 7. c3 0-0 8. 0-0 Ne7 9. Qc2 f5 10. f3 fxe4 11. fxe4 c5 12. dxc5 dxc5 13. Nd2 Be6 14. Nf4 Qd7 15. Nxe6 Qxe6 16. Bc4 Qd7 17. Nf3 Nc6 18. Rad1 Qe7 19. Bd5 Ne5 20. Nxe5 Bxe5 21. Rf3 Kg7 22. Qb3 Rab8 23. Qa4 a6 24. Qb3 f6 25. Qb6 Rfd8 26. Rfd3 Qc7 27. Qxc7+ Bxc7 28. Be6 b5 29. Rd7+ Kh6 30. R1d5 Re8 31. Rxc7 Rxe6 32. Rcxc5 Rxe4 33. Rd2 Rbe8 34. Kf1 f5 35. Rc6 R8e6 36. Rxe6 Rxe6 37. Rc2 Re4 38. b3 Kg5 39. c4 bxc4 40. bxc4 Re6 41. c5 Rc6 42. Ke2 f4 43. Kd3 Kf5 44. Kd4 g5 45. h3 Ke6 46. Rb2 h5 47. Rb6 Kd7 48. Rb7+ Rc7 49. Rxc7+ Kxc7 50. Ke4 Kc6 51. Kf5 Kxc5 52. Kxg5 Kb4 53. Kxh5 Ka3 54. Kg4 Kxa2 55. h4 a5 56. h5 1-0

[Event "ITA-ch U20"]
[Site "Bratto"]
[Date "2005.08.20"]
[Round "1"]
[White "Corsino, Gianluca"]
[Black "Oblak, Mitja"]
[Result "1-0"]
[WhiteElo "2053"]
[BlackElo "1688"]
[PlyCount "93"]
[EventDate "2005.08.20"]
[EventType "swiss"]
[EventRounds "9"]
[EventCountry "ITA"]
[SourceTitle "EXT 2006"]
[Source "ChessBase"]
[SourceDate "2005.11.24"]
[SourceVersion "1"]
[SourceVersionDate "2005.11.24"]
[SourceQuality "1"]

1. d4 d5 2. e3 Nf6 3. Bd3 e6 4. f4 c5 5. c3 Nc6 6. Nf3 Be7 7. Nbd2 a6 8. 0-0 0-0 9. Ne5 Qb6 10. Ndf3 Bd7 11. Nxd7 Nxd7 12. Ne5 Ndxe5 13. fxe5 cxd4 14. exd4 Nxe5 15. Bxh7+ Kxh7 16. Qh5+ Kg8 17. Qxe5 f6 18. Qe2 e5 19. Be3 exd4 20. Bxd4 Bc5 21. Bxc5 Qxc5+ 22. Qf2 Qxf2+ 23. Rxf2 Rad8 24. Rd2 Rd7 25. Rad1 Rfd8 26. Kf2 b5 27. Rd4 Kf7 28. a4 bxa4 29. Rxa4 Rd6 30. Rda1 Rb8 31. b4 Rbb6 32. Ke3 Rdc6 33. Kd3 Ke6 34. Ra5 f5 35. Rc5 g6 36. Kd4 Kf7 37. Rc1 Ke6 38. Re1+ Kd7 39. Re5 Rxc5 40. bxc5 Rc6 41. Kxd5 a5 42. Kc4 Re6 43. Rxe6 Kxe6 44. Kb5 Kd7 45. Kxa5 Kc6 46. Kb4 g5 47. h3 1-0